| 000 | 00532nam a22002057a 4500 | ||
|---|---|---|---|
| 003 | OSt | ||
| 005 | 20140310184413.0 | ||
| 008 | 121113t xxu||||| |||| 00| 0 eng d | ||
| 020 | _a0590441124 | ||
| 050 |
_aPZ 7 _b.R727Ic 1974 |
||
| 100 |
_aRoth, Arthur _926255 |
||
| 245 |
_aThe iceberg hermit / _cArthur Roth. |
||
| 260 |
_aNew York : _bScholastic Inc., _c1974 |
||
| 300 |
_a219 p. : _c18 cm. |
||
| 521 | _aG9 | ||
| 526 | _c1060 | ||
| 650 |
_aIcerberg _xJuvenile Fiction _926253 |
||
| 942 |
_2lcc _cBK-SCHOLAS |
||
| 999 |
_c34124 _d34124 |
||